Progressively Harder Corporate Logos Quiz Stats

 Plays Quiz Updated Aug 11, 2015

Score 0/54 Timer 10:00
29 Plays Today
% Correct
Nike
99.5%
Yahoo Inc.
98.7%
Apple Inc.
98.6%
Facebook
98.1%
PepsiCo, Incorporated
97.9%
Warner Bros
97.3%
Volkswagen
96.2%
Puma
96.1%
Toyota Motor Corp.
95.5%
LG
93.8%
Target
93.8%
Deutsche Telekom
91.2%
Motorola Inc.
90.8%
BP
87.8%
Michelin
87.6%
Mitsubishi
84.3%
Fruit of the Loom
84%
GE
83.9%
Deere & Company
82.6%
Holiday Inn
82.1%
Baskin Robbins
82%
Chanel
75.2%
Quiznos
74.7%
Atari Inc.
74.6%
Cadillac
73.6%
American Airlines
71.8%
Chevron Corporation
69.2%
% Correct
General Mills
66.1%
Asics
63.9%
Sprint Nextel
63.1%
Adobe Systems Inc.
62.6%
Expedia
61.7%
Marlboro
60.9%
Milton Bradley
56.1%
TiVo
55.9%
Nestlé
54.5%
Logitech
48.5%
Anheuser-Busch
47.6%
Marriott International
47.4%
Delta Air Lines
47.2%
Safeway Inc.
47%
United Airlines
46.6%
United Way
39.2%
Lufthansa
38.7%
Barclays
37.7%
Vodafone
36.7%
Yamaha
33%
Nvidia
26.6%
British Telecom
20.9%
Iams
19.8%
Allianz
18.7%
Ryanair
18.1%
Ericsson
17.2%
Airbus
10.3%

You're not logged in!

Compare scores with friends on all Sporcle quizzes.
OR
Log In

Show Comments

Extras

Top Quizzes Today


Score Distribution

Your Account Isn't Verified!

In order to create a playlist on Sporcle, you need to verify the email address you used during registration. Go to your Sporcle Settings to finish the process.

Report this User

Report this user for behavior that violates our Community Guidelines.

Details: